ਗੰਢਾਂ / (Record no. 109868)

MARC details
000 -LEADER
fixed length control field 00853nam a22002537a 4500
005 - DATE AND TIME OF LATEST TRANSACTION
control field 20170123164144.0
010 ## - LIBRARY OF CONGRESS CONTROL NUMBER
LC control number B-109556
020 ## - INTERNATIONAL STANDARD BOOK NUMBER
Terms of availability 125.00
035 ## - SYSTEM CONTROL NUMBER
System control number B-109556
037 ## - SOURCE OF ACQUISITION
Source of stock number/acquisition Cen Lib/Ret
040 ## - CATALOGING SOURCE
Original cataloging agency DPL
Language of cataloging PN
082 ## - DEWEY DECIMAL CLASSIFICATION NUMBER
Classification number
Item number ਪ੍ਰੇਮਪ੍ਰ
100 ## - MAIN ENTRY--PERSONAL NAME
Personal name ਪ੍ਰੇਮ ਪ੍ਰਕਾਸ਼
9 (RLIN) 128915
245 ## - TITLE STATEMENT
Title ਗੰਢਾਂ /
Statement of responsibility, etc ਪ੍ਰੇਮ ਪ੍ਰਕਾਸ਼
246 ## - VARYING FORM OF TITLE
Title proper/short title Gandhan /
Remainder of title by Prem Parkash
260 ## - PUBLICATION, DISTRIBUTION, ETC. (IMPRINT)
Place of publication, distribution, etc Chandigarh
Name of publisher, distributor, etc Lokgeet Parkashan
Date of publication, distribution, etc 2003
270 ## - ADDRESS
Address S.C.O.26-27, Sector 34-A,
City Chandigarh
Postal code 160022
300 ## - PHYSICAL DESCRIPTION
Extent 288p ;
Dimensions 20cm
650 ## - SUBJECT ADDED ENTRY--TOPICAL TERM
Topical term or geographic name as entry element ਪੰਜਾਬੀ-- ਸਾਹਿਤ
9 (RLIN) 128916
650 ## - SUBJECT ADDED ENTRY--TOPICAL TERM
Topical term or geographic name as entry element ਪੰਜਾਬੀ-- ਕਹਾਣੀਆ
9 (RLIN) 128917
650 ## - SUBJECT ADDED ENTRY--TOPICAL TERM
Topical term or geographic name as entry element literature--Punjabi
9 (RLIN) 128918
650 ## - SUBJECT ADDED ENTRY--TOPICAL TERM
Topical term or geographic name as entry element Punjabi - story
9 (RLIN) 128919
942 ## - ADDED ENTRY ELEMENTS (KOHA)
Source of classification or shelving scheme Dewey Decimal Classification
Koha item type Punjabi Bks
Classification part
Call number suffix ਪ੍ਰੇਮਪ੍ਰ
Holdings
Withdrawn status Lost status Damaged status Not for loan Home library Current library Date acquired Source of acquisition Cost, normal purchase price Total Checkouts Full call number Barcode Date last seen Date checked out Copy number Cost, replacement price Price effective from Koha item type
        Central Library Central Library 09/01/2016 Cen Lib/Ret 125.00 1 ਕ ਪ੍ਰੇਮਪ੍ਰ B-109556 28/10/2017 23/10/2017 1 125.00 09/01/2016 Punjabi Bks

© Delhi Public Library
Hit Counter
free hit counter